[Event "Uppsala Mote"]
[Site "Uppsala"]
[Date "2015.11.21"]
[Round "4.7"]
[White "Jansson, Borje"]
[Black "Lingvall, John"]
[Result "1-0"]
[WhiteElo "2304"]
[BlackElo "1954"]

1.Nf3 Nf6 2.c4 c5 3.g3 Nc6 4.Bg2 g6 5.O-O Bg7 6.Nc3 d5 7.cxd5 Nxd5 8.Nxd5 
Qxd5 9.d3 O-O 10.Be3 Qd6 11.Rb1 Be6 12.a3 Bd5 13.Qa4 Nd4 14.Nxd4 cxd4 15.
Bf4 e5 16.Bd2 Bxg2 17.Kxg2 Qd5+ 18.f3 Rfc8 19.Rfc1 a6 20.Rc2 Qe6 21.Rbc1 
b5 22.Qa5 Rxc2 23.Rxc2 Qb3 24.Qxa6 Rf8 25.Qc6 h5 26.h4 f6 27.Bb4 Rf7 28.
Qe8+ Kh7 29.Rc8 Qxb2 30.Kf2 Qa2 31.Qg8+ Kh6 32.Rc7 Rxc7 33.Qxa2 Kh7 34.Qc4
1-0

[Event "Uppsala Mote"]
[Site "Uppsala"]
[Date "2015.11.21"]
[Round "4.8"]
[White "Malmstig, Erik"]
[Black "Wester, Fredrik"]
[Result "1-0"]
[WhiteElo "2278"]
[BlackElo "1934"]

1.d4 Nc6 2.Nf3 d5 3.g3 Nf6 4.Bg2 Bg4 5.Ne5 e6 6.Nxg4 Nxg4 7.e4 Nf6 8.e5 
Nd7 9.O-O f6 10.exf6 Qxf6 11.Re1 O-O-O 12.c3 Bd6 13.Qg4 Rde8 14.a4 Rhf8 
15.f4 Qf7 16.a5 Nf6 17.Qd1 g5 18.fxg5 Ne4 19.Be3 Qf5 20.a6 b6 21.Qh5 Na5 
22.Rf1 Qg6 23.Qxg6 hxg6 24.Bxe4 dxe4 25.Nd2 Rf5 26.b4 Nc6 27.Nxe4 Ne7 28.
Rfe1 Nd5 29.Bd2 b5 30.Ra5 Nb6 31.g4 1-0

[Event "Novemberslaget"]
[Site "Uppsala"]
[Date "2015.11.21"]
[Round "4.9"]
[White "Nilsson, Erik"]
[Black "Hellberg, Micael"]
[Result "1-0"]
[WhiteElo "1455"]
[BlackElo "1400"]

1.e4 e5 2.Nf3 Nc6 3.Bb5 a6 4.Ba4 Nf6 5.d3 h6 6.O-O b5 7.Bb3 d6 8.a4 Be6 9.
Bxe6 fxe6 10.Re1 Be7 11.d4 exd4 12.Nxd4 Nxd4 13.Qxd4 e5 14.Qd3 O-O 15.axb5
axb5 16.Rxa8 Qxa8 17.Qxb5 Nxe4 18.Qc4+ d5 19.Qxc7 Bd6 20.Qb6 Rf6 21.Qb3 
Nxf2 22.Nc3 Nh3+ 23.gxh3 Rg6+ 24.Kh1 Kh8 25.Qxd5 Qf8 26.Qd3 Kh7 27.Rg1 
Qa8+ 28.Qe4 Qxe4+ 29.Nxe4 Re6 30.Nxd6 Rxd6 31.Kg2 g5 32.Kf3 Rd4 33.Re1 Rc4
34.c3 Rh4 35.Kg3 e4 36.c4 e3 37.c5 1-0

[Event "Novemberslaget"]
[Site "Uppsala"]
[Date "2015.11.21"]
[Round "4.10"]
[White "Schutt, Leif"]
[Black "Bergstrom, Fredrik"]
[Result "1/2-1/2"]
[WhiteElo "1363"]
[BlackElo "1300"]

1.d4 Nf6 2.c4 e5 3.dxe5 Ng4 4.Nf3 Nc6 5.a3 Ngxe5 6.Nxe5 Nxe5 7.e3 a5 8.Be2
g6 9.Nc3 Bg7 10.Rb1 d6 11.e4 Be6 12.Nd5 c6 13.Ne3 Nd7 14.Qxd6 Qh4 15.Bf3 
Be5 16.Qd1 Rd8 17.Qe2 O-O 18.g3 Qe7 19.O-O a4 20.b4 b5 21.cxb5 cxb5 22.
Qxb5 Bb3 23.Bb2 Qf6 24.Qe2 Bxb2 25.Rxb2 Ne5 26.Bg2 Rd6 27.Rd2 Rfd8 28.Rxd6
Rxd6 29.Rc1 Qd8 30.Nd5 Nd7 31.Re1 Nb6 32.Nxb6 Qxb6 33.h3 Qd8 34.e5 Rd2 35.
Qe3 Ra2 36.Qc1 Rc2 37.Qe3 Ra2 38.Qc1 1/2-1/2

[Event "Uppsala Mote"]
[Site "Uppsala"]
[Date "2015.11.22"]
[Round "5.1"]
[White "Semcesen, Daniel"]
[Black "Landgren, Philip"]
[Result "1-0"]
[WhiteElo "2436"]
[BlackElo "2267"]

1.d4 d5 2.c4 e6 3.Nc3 Nf6 4.cxd5 exd5 5.Bg5 c6 6.Qc2 Na6 7.e3 Nb4 8.Qb1 g6
9.Qd1 Bf5 10.Rc1 a5 11.a3 Na6 12.Qb3 Bc8 13.Bd3 Be7 14.Nge2 O-O 15.O-O b5 
16.f3 a4 17.Qd1 Bd7 18.Kh1 b4 19.Nxa4 bxa3 20.bxa3 c5 21.Nxc5 Nxc5 22.dxc5
Rxa3 23.c6 Be6 24.Nd4 Qb6 25.Rb1 Qc5 26.Rb5 Qc3 27.Rb3 Rxb3 28.Qxb3 Qd2 
29.Rd1 Qf2 30.Qc2 Qxc2 31.Bxc2 Kg7 32.Kg1 Bc5 33.Bd3 Rc8 34.Ba6 Ra8 35.
Nxe6+ fxe6 36.c7 1-0

[Event "Uppsala Mote"]
[Site "Uppsala"]
[Date "2015.11.22"]
[Round "5.2"]
[White "Rosberg, Simon"]
[Black "Malm Lindberg, Henrik"]
[Result "1-0"]
[WhiteElo "2283"]
[BlackElo "2244"]

1.Nf3 Nf6 2.c4 c5 3.Nc3 e6 4.e3 d5 5.d4 a6 6.cxd5 exd5 7.Be2 Nc6 8.O-O 
cxd4 9.exd4 Bd6 10.Bg5 Be6 11.Rc1 Qc7 12.Bxf6 gxf6 13.Re1 O-O 14.g3 Kh8 
15.Qd2 Rg8 16.Kh1 Bf8 17.Na4 Rd8 18.Nc5 Bc8 19.a3 Rg4 20.b4 f5 21.Nd3 Re4 
22.Nde5 Bg7 23.Qc3 Be6 24.Nxc6 bxc6 25.Bxa6 Qa7 26.Qxc6 Rxe1+ 27.Rxe1 Bxd4
28.Ng5 Bb6 29.Nxe6 fxe6 30.Bd3 Bxf2 31.Qxe6 Qd4 32.Qxf5 1-0

[Event "Uppsala Mote"]
[Site "Uppsala"]
[Date "2015.11.22"]
[Round "5.4"]
[White "Livner, Anders"]
[Black "Johansson, Carl Fredrik"]
[Result "1-0"]
[WhiteElo "2322"]
[BlackElo "2167"]

1.d4 d5 2.c4 e6 3.Nf3 c5 4.e3 Nf6 5.Nc3 cxd4 6.exd4 Bb4 7.cxd5 Nxd5 8.Bd2 
O-O 9.Bd3 Nc6 10.O-O Be7 11.a3 Bf6 12.Qe2 Bxd4 13.Nxd5 Qxd5 14.Be4 Qd8 15.
Rfd1 e5 16.Bxc6 bxc6 17.Bb4 Re8 18.Nxd4 exd4 19.Rxd4 Ba6 20.Qd2 Qf6 21.Rd6
Re6 22.Rxe6 Qxe6 23.Re1 Qd5 24.Qe3 h6 25.h3 Bb5 26.Qg3 Qg5 27.Qc7 Bc4 28.
Re3 Bd5 29.Rg3 Qf5 30.Bc3 g6 31.Qe7 Kh7 32.Qc5 Qe4 33.Rg4 Qd3 34.Qe7 Qb1+ 
35.Kh2 Qf5 36.Qc5 h5 37.Qd4 Rg8 38.Rf4 Qg5 39.f3 Qe7 40.Rf6 Qc7+ 41.Kh1 a6
42.Qe3 Qd7 43.Bd2 Rg7 44.Qh6+ Kg8 45.Bc3 Be6 46.Rf4 Rh7 47.Qg5 Qd1+ 48.Kh2
Qd6 49.Be5 Qd2 50.Rb4 Qxb4 51.axb4 1-0

[Event "Uppsala Mote"]
[Site "Uppsala"]
[Date "2015.11.22"]
[Round "5.5"]
[White "Persson, Staffan"]
[Black "Jansson, Borje"]
[Result "1/2-1/2"]
[WhiteElo "2046"]
[BlackElo "2304"]

1.Nf3 d5 2.d4 Bf5 3.c3 e6 4.Qb3 Qc8 5.h3 Nf6 6.g4 Bg6 7.Ne5 Nbd7 8.Bf4 
Nxe5 9.Bxe5 Nd7 10.Bg3 Bd6 11.Bxd6 cxd6 12.Nd2 O-O 13.e3 a6 14.Be2 Qc6 15.
h4 h6 16.g5 hxg5 17.hxg5 Rfe8 18.Bf3 b5 19.Rh4 Nb6 20.O-O-O Kf8 21.Re1 Nc4
22.e4 Nxd2 23.Kxd2 dxe4 24.Bxe4 Bxe4 25.Rhxe4 e5 26.g6 fxg6 27.R1e3 Re7 
28.dxe5 dxe5 29.Rxe5 Rd8+ 30.Ke2 Rxe5 31.Rxe5 Rd6 32.Qb4 Kf7 33.Re3 g5 34.
Qe4 Qc4+ 35.Kf3 Rf6+ 36.Kg2 Qxe4+ 37.Rxe4 Rd6 38.a4 Kf6 39.axb5 axb5 40.
Rb4 Rd5 41.c4 bxc4 42.Rxc4 Rd2 43.b4 Rb2 44.Kf3 Kg6 45.Rc6+ Kh5 46.Rb6 g4+
47.Kg3 Rb3+ 48.Kg2 Rb2 49.Rb7 Kh4 50.Kf1 Rb1+ 51.Kg2 Rb2 1/2-1/2

[Event "Uppsala Mote"]
[Site "Uppsala"]
[Date "2015.11.22"]
[Round "5.6"]
[White "Malmstig, Erik"]
[Black "Eriksson, Kristian"]
[Result "1-0"]
[WhiteElo "2278"]
[BlackElo "2099"]

1.d4 e6 2.e4 d5 3.Nc3 Bb4 4.a3 Bxc3+ 5.bxc3 Ne7 6.Bd3 Nd7 7.f3 O-O 8.c4 c5
9.cxd5 exd5 10.Bb2 Qb6 11.Rb1 Qg6 12.Qd2 c4 13.Bf1 Nb6 14.e5 Bf5 15.Rc1 
Rac8 16.Bc3 f6 17.Ne2 Nc6 18.f4 fxe5 19.dxe5 Rcd8 20.Bd4 Be4 21.Bc5 Rfe8 
22.c3 Bd3 23.Ng3 Bxf1 24.Rxf1 Na5 25.Qe3 Nb3 26.Rd1 Na4 27.f5 Qa6 28.Bd4 
Nb2 29.f6 gxf6 30.Nh5 fxe5 31.Bxe5 Nxd1 32.Qg5+ Qg6 33.Nf6+ Kf7 34.Nxh7+ 
1-0

[Event "Uppsala Mote"]
[Site "Uppsala"]
[Date "2015.11.22"]
[Round "5.7"]
[White "Tuomainen, Felix"]
[Black "Johansson, Gunnar"]
[Result "1/2-1/2"]
[WhiteElo "2026"]
[BlackElo "2206"]

1.d4 d5 2.c4 c6 3.Nf3 Nf6 4.e3 e6 5.Nbd2 c5 6.cxd5 Nxd5 7.Be2 Nc6 8.dxc5 
Bxc5 9.O-O O-O 10.Nb3 Bb6 11.Nbd4 Nxd4 12.Nxd4 Qf6 13.Nf3 Rd8 14.Qb3 Bd7 
15.g3 h6 16.e4 Ne7 17.Be3 Bxe3 18.Qxe3 Bc6 19.b3 Qb2 20.Rfc1 Ng6 21.a4 Ne5
22.Rab1 Nxf3+ 23.Bxf3 Qd2 24.Re1 Qxe3 25.Rxe3 Rd2 26.Rd1 Rxd1+ 27.Bxd1 Rd8
28.Bf3 e5 29.Be2 Rd4 30.f3 Kf8 31.Rc3 Ke7 32.Kf2 Kd6 33.Ke3 f6 34.Rc1 a6 
35.Rc3 Bd7 36.Rc4 Rxc4 37.Bxc4 Kc5 38.Kd3 Kb4 39.Bd5 Bc6 40.Be6 b6 41.Kc2 
Be8 42.Kd3 Bh5 43.g4 Be8 44.h4 b5 45.axb5 Bxb5+ 46.Kd2 a5 47.Bd5 Ka3 48.
Be6 Kb4 49.Bd5 Kc5 50.Ke3 Bf1 51.Be6 Kb4 52.Kd2 Bg2 53.Ke2 Kc3 54.Kf2 Bh3 
55.h5 Kb4 56.Bd5 Kc3 57.Be6 Kb4 58.Bd5 1/2-1/2

[Event "Uppsala Mote"]
[Site "Uppsala"]
[Date "2015.11.22"]
[Round "5.8"]
[White "Logdahl, Harald"]
[Black "Svorono, Gabriel"]
[Result "1-0"]
[WhiteElo "2233"]
[BlackElo "2010"]

1.e4 c5 2.Nc3 Nc6 3.Bb5 g6 4.Bxc6 bxc6 5.d3 Bg7 6.f4 d5 7.Bd2 Nf6 8.Nf3 
O-O 9.Ne5 Qc7 10.O-O Rb8 11.b3 Rd8 12.Qe1 g5 13.Nxf7 1-0

[Event "Novemberslaget"]
[Site "Uppsala"]
[Date "2015.11.22"]
[Round "5.9"]
[White "Hedlund, Lars-Ake"]
[Black "Nilsson, Erik"]
[Result "1-0"]
[WhiteElo "1591"]
[BlackElo "1455"]

1.d4 d5 2.c4 c6 3.Nf3 Nf6 4.e3 Bg4 5.Nc3 Nbd7 6.Be2 e6 7.O-O Qc7 8.Nd2 Bf5
9.Re1 Bd6 10.Nf1 c5 11.Nb5 Qb8 12.Nxd6+ Qxd6 13.Ng3 Bg6 14.b3 h5 15.Ba3 h4
16.Nf1 h3 17.g3 Ne4 18.Rc1 Qa6 19.Bxc5 Ndxc5 20.dxc5 Rd8 21.cxd5 Qxa2 22.
d6 Bh5 23.f3 Bxf3 24.Rc2 Bxe2 25.Rexe2 Qxb3 26.Qd4 Nf6 27.Rb2 Qd5 28.Qxd5 
Nxd5 29.Rxb7 Rh5 30.Rc2 a6 31.e4 Nf6 32.c6 Nxe4 33.d7+ Ke7 34.c7 Rxd7 35.
c8=Q Rd5 36.Rcc7 Nf6 1-0

[Event "Novemberslaget"]
[Site "Uppsala"]
[Date "2015.11.22"]
[Round "5.10"]
[White "Hellberg, Micael"]
[Black "Schutt, Leif"]
[Result "1-0"]
[WhiteElo "1400"]
[BlackElo "1363"]

1.e4 e6 2.d4 d5 3.e5 c5 4.c3 Qc7 5.Nf3 Ne7 6.Be2 Ng6 7.O-O Nc6 8.Be3 Bd7 
9.Na3 a6 10.Nc2 c4 11.Nd2 Be7 12.Bg4 O-O-O 13.b3 b5 14.bxc4 bxc4 15.Rb1 
Qa5 16.Rb2 f5 17.exf6 gxf6 18.f4 f5 19.Be2 Bd6 20.Nxc4 dxc4 21.Bxc4 Rde8 
22.d5 Bc5 23.Bxa6+ Kd8 24.dxc6 Bxe3+ 25.Nxe3 Nf8 26.Qd6 Qc7 27.Rb8+ Qxb8 
28.Qxb8+ Ke7 29.Qb4+ Kf7 30.cxd7 Nxd7 31.Rd1 Re7 32.c4 Nf6 33.c5 Ne4 34.c6
Rc7 35.Rd7+ Rxd7 36.cxd7 Rd8 37.Bc8 Nf6 38.Qb6 Ke7 39.Qc5+ Kf7 40.Nc4 Nxd7
41.Bxd7 Rxd7 42.Ne5+ 1-0

[Event "Uppsala Mote"]
[Site "Uppsala"]
[Date "2015.11.22"]
[Round "6.1"]
[White "Semcesen, Daniel"]
[Black "Rosberg, Simon"]
[Result "0-1"]
[WhiteElo "2436"]
[BlackElo "2283"]

1.d4 d5 2.c4 c6 3.Nf3 Nf6 4.Qb3 dxc4 5.Qxc4 Bg4 6.Nbd2 Nbd7 7.g3 e6 8.Bg2 
Be7 9.O-O O-O 10.Qb3 Nb6 11.Re1 a5 12.a3 Nfd7 13.Ne4 a4 14.Qd1 Nc4 15.Nc3 
b5 16.h3 Bh5 17.e4 Ndb6 18.g4 Bg6 19.Qe2 Re8 20.Bf4 b4 21.axb4 Bxb4 22.
Rec1 a3 23.b3 Na5 24.Rab1 Bxc3 25.Rxc3 Nd5 26.Bd2 a2 27.Rd1 Nxc3 28.Bxc3 
Nxb3 29.Qe1 a1=Q 0-1

[Event "Uppsala Mote"]
[Site "Uppsala"]
[Date "2015.11.22"]
[Round "6.2"]
[White "Lokander, Martin"]
[Black "Malmstig, Erik"]
[Result "1-0"]
[WhiteElo "2358"]
[BlackElo "2278"]

1.d4 d6 2.Nf3 Bg4 3.e4 Nd7 4.h3 Bh5 5.Nc3 e5 6.g4 Bg6 7.Bg2 c6 8.Qe2 Qb6 
9.dxe5 dxe5 10.O-O h5 11.Nh4 hxg4 12.Nxg6 fxg6 13.Qxg4 O-O-O 14.Qxg6 Ngf6 
15.Rb1 Nh5 16.Be3 Qc7 17.Bf3 Nf4 18.Bxf4 exf4 19.Bg4 Kb8 20.Rbd1 Bc5 21.
Bxd7 Rxd7 22.Qf5 Bd4 23.Rd3 Rf7 24.Qg5 Bf6 25.Qg2 Rh5 26.Qf3 g6 27.Rfd1 
Rfh7 28.Kf1 Rxh3 29.Qg4 Rxd3 30.Rxd3 g5 31.Qe6 Qe7 32.Qxe7 Rxe7 33.f3 Kc7 
34.Nd1 g4 35.fxg4 Rxe4 36.Nf2 Ra4 37.Ra3 Rxa3 38.bxa3 Be7 39.a4 Kd6 40.Ke2
Kd5 41.Kd3 b5 42.axb5 cxb5 43.Ne4 Ke5 44.Nd2 Kd5 45.Nf3 a5 46.Nd4 b4 47.
Nf3 Bf6 48.Nd2 Bc3 49.Nc4 f3 50.Nxa5 f2 51.Ke2 Bd4 52.g5 Ke6 53.Nc6 Bc5 
54.g6 Kf6 55.Ne5 Bd6 56.Ng4+ Kxg6 57.Nxf2 Kf5 58.Kd3 Bc5 59.Nd1 Be7 60.Nb2
Kf4 61.Kc4 Ke3 62.Nd3 Kd2 63.Nxb4 Kc1 64.a4 Kb2 65.a5 Bg5 66.a6 Be3 67.
Nd3+ Kxc2 68.Nc5 1-0

[Event "Uppsala Mote"]
[Site "Uppsala"]
[Date "2015.11.22"]
[Round "6.3"]
[White "Landgren, Philip"]
[Black "Livner, Anders"]
[Result "1/2-1/2"]
[WhiteElo "2267"]
[BlackElo "2322"]

1.d4 d5 2.Bf4 Nf6 3.e3 g6 4.Bd3 Bg7 5.h3 c5 6.c3 Nc6 7.Nf3 O-O 8.Nbd2 Nd7 
9.O-O e5 10.dxe5 Ndxe5 11.Nxe5 Nxe5 12.Be2 Qb6 13.Qb3 Be6 14.Rfd1 Rfd8 15.
Nf3 Qxb3 16.axb3 Nc6 17.Bb5 d4 18.cxd4 Bxb3 19.Rdc1 cxd4 1/2-1/2

[Event "Uppsala Mote"]
[Site "Uppsala"]
[Date "2015.11.22"]
[Round "6.4"]
[White "Jansson, Borje"]
[Black "Tuomainen, Felix"]
[Result "1-0"]
[WhiteElo "2304"]
[BlackElo "2026"]

1.e4 c6 2.d3 d5 3.Nd2 dxe4 4.dxe4 Nf6 5.Ngf3 Bg4 6.h3 Bxf3 7.Qxf3 Nbd7 8.
Be2 Qc7 9.O-O O-O-O 10.a4 e6 11.a5 g5 12.a6 b6 13.e5 Nd5 14.Qxf7 Bc5 15.
Ne4 Qxe5 16.Nxc5 Nxc5 17.Bf3 Rd7 18.Qh5 Rg7 19.Bxd5 cxd5 20.Ra3 Ne4 21.Re3
Rf8 22.f3 Qf6 23.Rfe1 Nc5 24.b4 Nxa6 25.Rxe6 Qd4+ 26.Be3 Qxb4 27.Bxg5 Nc7 
28.R6e5 a5 29.Bh6 Rfg8 30.Bxg7 Rxg7 31.Qh6 Rd7 32.Qc6 Kd8 33.Qb7 Rg7 34.
Qc6 Rd7 35.c3 Qb3 36.Rg5 1-0

[Event "Uppsala Mote"]
[Site "Uppsala"]
[Date "2015.11.22"]
[Round "6.5"]
[White "Malm Lindberg, Henrik"]
[Black "Persson, Staffan"]
[Result "1/2-1/2"]
[WhiteElo "2244"]
[BlackElo "2046"]

1.e4 c6 2.d4 d5 3.e5 Bf5 4.Nf3 e6 5.Be2 c5 6.O-O Nc6 7.Be3 cxd4 8.Nxd4 
Nxd4 9.Qxd4 Ne7 10.Qa4+ Qd7 11.Bb5 Nc6 12.c4 dxc4 13.Na3 Bxa3 14.Qxa3 Bd3 
15.Rfd1 Qe7 16.Qa4 O-O 17.Bxc6 bxc6 18.Qxc6 Rfc8 19.Qa4 Qc7 20.Bf4 Qb7 21.
Qa3 Qe4 22.Bg3 h6 23.Qc3 Rd8 24.f3 Qd4+ 25.Qxd4 Rxd4 26.Rd2 Rd5 27.Rc1 a5 
28.b3 1/2-1/2

[Event "Uppsala Mote"]
[Site "Uppsala"]
[Date "2015.11.22"]
[Round "6.6"]
[White "Sorensen, Hampus"]
[Black "Logdahl, Harald"]
[Result "0-1"]
[WhiteElo "1855"]
[BlackElo "2233"]

1.d4 f5 2.Nf3 Nf6 3.Bg5 e6 4.Nbd2 Be7 5.Bxf6 Bxf6 6.e4 fxe4 7.Nxe4 b6 8.
Bd3 Bb7 9.Qe2 Qe7 10.c3 Nc6 11.O-O O-O 12.Rae1 Rae8 13.a3 Nd8 14.Qc2 g6 
15.Nxf6+ Rxf6 16.Be4 Bxe4 17.Qxe4 d5 18.Qe2 Nf7 19.Ne5 Nxe5 20.Qxe5 Rf5 
21.Qe3 c5 22.Re2 Qd6 23.Qg3 Qxg3 24.fxg3 Rxf1+ 25.Kxf1 Kf7 26.Ke1 e5 27.
dxe5 Ke6 28.Rf2 Re7 29.Kd2 Rf7 30.Rxf7 Kxf7 31.Kd3 Ke6 32.b4 Kxe5 33.c4 
cxb4 34.axb4 dxc4+ 35.Kxc4 a5 36.bxa5 bxa5 37.Kb5 Ke4 38.Kxa5 Ke3 39.g4 
Kf2 40.Kb5 Kxg2 41.Kc5 Kxh2 42.Kd5 Kg3 43.g5 Kf4 44.Kd4 Kxg5 45.Ke3 Kg4 
46.Kf2 Kh3 47.Kg1 g5 48.Kh1 g4 49.Kg1 g3 50.Kh1 g2+ 51.Kg1 h6 0-1

[Event "Uppsala Mote"]
[Site "Uppsala"]
[Date "2015.11.22"]
[Round "6.7"]
[White "Johansson, Gunnar"]
[Black "Attefall, Fredrik"]
[Result "1-0"]
[WhiteElo "2206"]
[BlackElo "2013"]

1.d4 Nc6 2.d5 Ne5 3.e4 e6 4.Nc3 Bc5 5.Be2 d6 6.Nf3 Nxf3+ 7.Bxf3 e5 8.Na4 
Bd4 9.c3 Bb6 10.O-O Bd7 11.Nxb6 axb6 12.c4 Ne7 13.Bd2 O-O 14.a4 f5 15.exf5
Nxf5 16.Bg4 Qh4 17.g3 Nxg3 18.Bxd7 Nxf1 19.Qxf1 Rf6 20.Ra3 Raf8 21.Be1 Rf3
22.Rxf3 Rxf3 23.Bd2 Qd4 24.Qe2 Rf6 25.b3 Rg6+ 26.Kf1 Qh4 27.h3 Qd4 28.Bg4 
Rf6 29.Bg5 Rf8 30.Kg2 h6 31.Be3 Qe4+ 32.Bf3 Qg6+ 33.Kh2 Qf5 34.Bg2 Qb1 35.
Qg4 g5 36.Be4 Qxb3 37.Qe6+ Rf7 38.Qg6+ Kf8 39.Qxh6+ Rg7 40.Qf6+ Kg8 41.
Qd8+ Kf7 42.Qxc7+ Kg8 43.Qd8+ Kf7 44.Qd7+ Kg8 45.Qe8# 1-0

[Event "Uppsala Mote"]
[Site "Uppsala"]
[Date "2015.11.22"]
[Round "6.8"]
[White "Wester, Fredrik"]
[Black "Johansson, Carl Fredrik"]
[Result "0-1"]
[WhiteElo "1934"]
[BlackElo "2167"]

1.e4 c5 2.Nf3 d6 3.d4 cxd4 4.Nxd4 Nf6 5.Nc3 g6 6.f3 Bg7 7.Bc4 Nc6 8.Be3 
O-O 9.Qd2 Nd7 10.h4 Nb6 11.Bb3 Na5 12.Qe2 a6 13.Nd5 Nxd5 14.exd5 Nxb3 15.
axb3 e5 16.dxe6 fxe6 17.Qc4 d5 18.Qc5 Rf7 19.c3 Bf8 20.Qa5 b6 21.Qa2 e5 
22.Ne2 Bb7 23.Qa4 d4 24.cxd4 b5 25.Qa2 Bb4+ 26.Kf2 Qd5 27.Rh3 Raf8 28.Nc3 
Rxf3+ 29.Ke2 Rxe3+ 30.Rxe3 Qxg2+ 31.Kd3 e4+ 32.Rxe4 Bxe4+ 33.Nxe4 Rf3# 0-1

[Event "Novemberslaget"]
[Site "Uppsala"]
[Date "2015.11.22"]
[Round "6.9"]
[White "Hellberg, Micael"]
[Black "Hedlund, Lars-Ake"]
[Result "1-0"]
[WhiteElo "1400"]
[BlackElo "1591"]

1.e4 e6 2.d4 d5 3.exd5 exd5 4.Bd3 Bd6 5.Nf3 Nf6 6.O-O O-O 7.Bg5 Be6 8.Nbd2
h6 9.Bh4 Nbd7 10.c3 c6 11.Qc2 Re8 12.Rfe1 Qc7 13.Bg3 Bf4 14.Bxf4 Qxf4 15.
h3 g5 16.Ne5 Ne4 17.Nxe4 Nxe5 18.dxe5 1-0

[Event "Novemberslaget"]
[Site "Uppsala"]
[Date "2015.11.22"]
[Round "6.10"]
[White "Nilsson, Erik"]
[Black "Thoresson, Alexander"]
[Result "1-0"]
[WhiteElo "1455"]
[BlackElo "1331"]

1.e4 e5 2.Nf3 Nc6 3.Bb5 d6 4.O-O Nf6 5.d3 Be7 6.h3 O-O 7.Be3 Bd7 8.Nbd2 
Nh5 9.Bxc6 Bxc6 10.Nxe5 dxe5 11.Qxh5 Bf6 12.Nf3 Qd6 13.Bg5 Bxg5 14.Qxg5 
Rfe8 15.h4 Bd7 16.h5 h6 17.Qg3 Qe6 18.Nh2 Rad8 19.f4 exf4 20.Qxf4 Qb6+ 21.
Kh1 Re7 22.b3 Rf8 23.Rf3 c6 24.Rg3 Qc5 25.Nf3 Qxc2 26.Qf6 1-0

[Event "Uppsala Mote"]
[Site "Uppsala"]
[Date "2015.11.22"]
[Round "7.1"]
[White "Rosberg, Simon"]
[Black "Lokander, Martin"]
[Result "1/2-1/2"]
[WhiteElo "2283"]
[BlackElo "2358"]

1.Nf3 Nf6 2.c4 g6 3.g3 Bg7 4.Bg2 O-O 5.O-O d6 6.d4 c5 7.Nc3 Nc6 8.dxc5 
dxc5 9.Be3 Be6 10.Rc1 Bxc4 11.Qa4 Ba6 12.Bxc5 Nd7 13.Be3 Nb6 14.Qh4 e6 15.
Bg5 f6 16.Bh6 Qe7 17.Bxg7 Kxg7 18.Rfd1 Rfd8 19.b3 Rac8 20.Bf1 Rxd1 21.Rxd1
Nb4 22.Qd4 Qc5 23.Qxc5 Rxc5 24.Ne4 Rc2 25.Nd4 Rxa2 26.Nxe6+ Kf7 27.Nd4 
N4d5 28.Nc5 Nc3 29.Re1 Rd2 30.e3 Ra2 1/2-1/2

[Event "Uppsala Mote"]
[Site "Uppsala"]
[Date "2015.11.22"]
[Round "7.2"]
[White "Livner, Anders"]
[Black "Semcesen, Daniel"]
[Result "1/2-1/2"]
[WhiteElo "2322"]
[BlackElo "2436"]

1.d4 d5 2.c4 dxc4 3.e3 e5 4.Bxc4 exd4 5.exd4 Bd6 6.Nf3 Nf6 7.Qe2+ Be7 8.
O-O O-O 9.Nc3 Bg4 10.h3 Bxf3 11.Qxf3 Nc6 12.Rd1 Rb8 13.Be3 Qd7 14.Rac1 a6 
15.Na4 Na5 16.Nc5 Qd8 17.Bd3 Nd5 18.Bd2 Nc6 19.Nxb7 Rxb7 20.Rxc6 Rxb2 21.
Rxa6 Nb4 22.Bxb4 Rxb4 23.Qh5 g6 24.Bxg6 fxg6 25.Rxg6+ hxg6 26.Qxg6+ Kh8 
27.Qh6+ Kg8 28.Qg6+ 1/2-1/2

[Event "Uppsala Mote"]
[Site "Uppsala"]
[Date "2015.11.22"]
[Round "7.3"]
[White "Logdahl, Harald"]
[Black "Jansson, Borje"]
[Result "0-1"]
[WhiteElo "2233"]
[BlackElo "2304"]

1.e4 d6 2.d4 Nf6 3.Nc3 g6 4.f3 c6 5.Be3 b5 6.Qd2 Qc7 7.a4 b4 8.Nd1 a5 9.c3
bxc3 10.bxc3 Nbd7 11.Bh6 Bxh6 12.Qxh6 Ba6 13.Bxa6 Rxa6 14.Ne2 Rb6 15.O-O 
Qb7 16.c4 Rb3 17.Ndc3 Qa7 18.Kh1 Rg8 19.Qg5 h6 20.Qd2 Rb4 21.c5 dxc5 22.d5
cxd5 23.exd5 g5 24.Rae1 Kf8 25.Ng3 Rg6 26.Nf5 Ng8 27.Re3 Rf6 28.g4 Qb8 29.
Rfe1 Rb2 30.Qxb2 Qxb2 31.R1e2 Qb4 32.Kg2 Rxf5 33.gxf5 Qf4 34.Nb5 Qxf5 35.
d6 e6 36.Nc7 Ngf6 37.Nxe6+ fxe6 38.Rxe6 c4 39.R6e3 Qd5 40.h4 gxh4 41.Kh3 
Qg5 42.f4 Qg4+ 43.Kh2 Qxf4+ 44.Kg2 Qg5+ 45.Kh1 Qd5+ 46.Kg1 Qxd6 47.Rf3 
Qd4+ 48.Kh2 Kf7 49.Ref2 Kg6 50.Rg2+ Ng4+ 51.Kh3 h5 52.Kxh4 Ne5 53.Rfg3 Kh6
54.Kh3 Nd3 55.Rg1 Nf4+ 56.Kh4 Qf6# 0-1

[Event "Uppsala Mote"]
[Site "Uppsala"]
[Date "2015.11.22"]
[Round "7.4"]
[White "Landgren, Philip"]
[Black "Johansson, Gunnar"]
[Result "1/2-1/2"]
[WhiteElo "2267"]
[BlackElo "2206"]

1.d4 d5 2.Bf4 Nf6 3.e3 e6 4.Nf3 c5 5.c3 Nc6 6.Nbd2 Bd6 7.Bxd6 Qxd6 8.Bb5 
O-O 9.O-O Bd7 10.a4 Ne7 11.Ne5 Bxb5 12.axb5 cxd4 13.exd4 Qb6 14.Qb3 Nf5 
15.Qb4 Nd6 16.Ra5 a6 17.bxa6 Rxa6 18.Qxb6 Rxb6 19.Nd3 Nc4 20.Nxc4 dxc4 21.
Nb4 Nd5 22.Nxd5 exd5 23.Rxd5 Rxb2 24.Rc5 b5 25.Re1 Rb3 26.g3 Rxc3 27.Rxb5 
Rd3 28.Rc5 Rxd4 29.Rc1 g6 30.R5xc4 Rxc4 31.Rxc4 1/2-1/2

[Event "Uppsala Mote"]
[Site "Uppsala"]
[Date "2015.11.22"]
[Round "7.5"]
[White "Malmstig, Erik"]
[Black "Persson, Staffan"]
[Result "1-0"]
[WhiteElo "2278"]
[BlackElo "2046"]

1.d4 Nf6 2.Bg5 d5 3.Bxf6 exf6 4.e3 f5 5.c4 Bb4+ 6.Nc3 O-O 7.Qb3 Bxc3+ 8.
bxc3 dxc4 9.Bxc4 Qe7 10.Ne2 b6 11.Bd5 c6 12.Bf3 Bb7 13.O-O Nd7 14.Rfd1 g6 
15.Nf4 Kg7 16.c4 Rfd8 17.a4 Rab8 18.a5 g5 19.Nh5+ Kf8 20.axb6 axb6 21.Ra7 
Qe6 22.Ng3 Bc8 23.d5 cxd5 24.Rxd5 f4 25.Qb4+ Qe7 26.Qb2 f6 27.Nf5 Qe6 28.
Nd4 Qe8 29.Nc6 Bb7 30.Nxb8 Rxb8 31.Rxd7 Qxd7 32.Qxf6+ 1-0

[Event "Uppsala Mote"]
[Site "Uppsala"]
[Date "2015.11.22"]
[Round "7.6"]
[White "Eriksson, Kristian"]
[Black "Malm Lindberg, Henrik"]
[Result "1/2-1/2"]
[WhiteElo "2099"]
[BlackElo "2244"]

1.e4 c5 2.Nf3 d6 3.d4 cxd4 4.Nxd4 Nf6 5.Nc3 e6 6.Bc4 Be7 7.Bb3 Na6 8.f4 
Nc5 9.Qf3 O-O 10.Be3 a5 11.a4 Nxb3 12.Nxb3 Bd7 13.O-O-O Qc7 14.g4 d5 15.
exd5 Nxd5 16.Nxd5 exd5 17.Qxd5 Rfc8 18.Qd3 Bxa4 19.Kb1 Bc6 20.Rhf1 a4 21.
Nd4 a3 22.b3 Be4 23.Qd2 Bf6 24.Rc1 Qc3 25.Qxc3 Rxc3 26.Bg1 Rxb3+ 27.Ka1 
Rb4 28.c3 Rc4 29.Rfe1 Bd5 30.g5 Bxd4 31.Bxd4 b5 32.Rcd1 Be6 33.Rb1 Bd7 34.
Re7 Bc6 1/2-1/2

[Event "Uppsala Mote"]
[Site "Uppsala"]
[Date "2015.11.22"]
[Round "7.7"]
[White "Johansson, Carl Fredrik"]
[Black "Lingvall, John"]
[Result "1-0"]
[WhiteElo "2167"]
[BlackElo "1954"]

1.d4 Nf6 2.c4 e5 3.dxe5 Ng4 4.Bf4 Nc6 5.Nf3 Bb4+ 6.Nbd2 Qe7 7.e3 Ngxe5 8.
Nxe5 Nxe5 9.Be2 Ng6 10.Bg3 Bd6 11.Nf3 Bb4+ 12.Kf1 d6 13.Qa4+ 1-0

[Event "Novemberslaget"]
[Site "Uppsala"]
[Date "2015.11.22"]
[Round "7.9"]
[White "Eriksson, Erik"]
[Black "Nilsson, Erik"]
[Result "1-0"]
[WhiteElo "1519"]
[BlackElo "1455"]

1.d4 d5 2.c4 c6 3.Nc3 Nf6 4.Bf4 Bf5 5.Nf3 e6 6.c5 Nbd7 7.e3 Qa5 8.a3 Nh5 
9.b4 Qd8 10.Ne5 Nxf4 11.exf4 f6 12.Nxd7 Qxd7 13.b5 Qc7 14.g3 Qa5 15.Qb3 e5
16.Qb4 Qxb4 17.axb4 exd4 18.bxc6 bxc6 19.Ne2 d3 20.Nd4 Bd7 21.Bxd3 g6 22.
O-O Kd8 23.Ra6 Kc7 24.Re1 f5 25.Ne6+ Kb7 26.Nxf8 Raxf8 27.Re7 Rd8 28.b5 
cxb5 29.Bxb5 Kc7 30.Rxa7+ Kc8 31.Bxd7+ Kb8 32.Bc6 1-0

[Event "Novemberslaget"]
[Site "Uppsala"]
[Date "2015.11.22"]
[Round "7.10"]
[White "Sandin, Albin"]
[Black "Hellberg, Micael"]
[Result "0-1"]
[WhiteElo "1491"]
[BlackElo "1400"]

1.b4 e5 2.Bb2 Bxb4 3.Bxe5 Nf6 4.Nf3 Nc6 5.Bb2 O-O 6.c4 d5 7.e3 Ne4 8.Qc2 
Nc5 9.cxd5 Qxd5 10.Bc4 Qf5 11.Qxf5 Bxf5 12.O-O Bd3 13.Rc1 Bxc4 14.Rxc4 Nd3
15.Bc3 Bxc3 16.Nxc3 Rac8 17.Rb1 Na5 18.Rd4 Rfd8 19.Rxd8+ Rxd8 20.Nb5 c6 
21.Nbd4 b5 22.Ne1 Nxe1 23.Rxe1 b4 24.Rc1 Rd6 25.Rc5 Rd5 26.Rxd5 cxd5 27.
Nb5 Nc6 28.d4 Kf8 29.Nc7 Ke7 30.Nxd5+ Kd6 31.Nf4 a5 32.Nd3 a4 33.Nc5 b3 
34.axb3 a3 35.b4 a2 36.Nb3 Nxb4 37.Na1 Kd5 38.Kf1 Kc4 39.Ke2 Kc3 0-1